Т. 1; Электрические машины

Bibliographische Detailangaben
Parent link:Электрические машины: учебник для академического бакалавриата/ И. П. Копылов. Т. 1.— 2-е изд., испр. и доп..— , 2016.— 978-5-9916-7437-9
Zusammenfassung:Рассмотрены теория электромеханического преобразования энергии электрических машин, их характеристики, переходные и установившиеся режимы работы. Теория электрических машин изложена на базе дифференциальных уравнений. Максимально использованы современные достиже­ния общей теории электрических машин. Получила дальнейшее развитие классическая теория комплексных уравнений, векторных диаграмм и схем замещения. Учебник состоит из двух томов. Первый том содержит две темы: введе­ние в электромеханику и трансформаторы. Второй том учебника посвящен теории и конструкции отдельных видов электрических машин, в том числе синхронных и асинхронных, машин постоянного тока и др.
Sprache:Russisch
Veröffentlicht: 2016
Schlagworte:
Format: MixedMaterials Buch
KOHA link:https://koha.lib.tpu.ru/cgi-bin/koha/opac-detail.pl?biblionumber=314923

MARC

LEADER 00000nam2a2200000 4500
001 314923
005 20231102002727.0
010 |a 9785991674348 
035 |a (RuTPU)RU\TPU\book\340356 
090 |a 314923 
100 |a 20160220d2016 m y0rusy50 ca 
101 0 |a rus 
102 |a RU 
105 |a a j 001zy 
200 0 |a Т. 1 
210 |d 2016 
215 |a 268 с.  |c ил. 
320 |a Библиогр.: с. 266-267. 
330 |a Рассмотрены теория электромеханического преобразования энергии электрических машин, их характеристики, переходные и установившиеся режимы работы. Теория электрических машин изложена на базе дифференциальных уравнений. Максимально использованы современные достиже­ния общей теории электрических машин. Получила дальнейшее развитие классическая теория комплексных уравнений, векторных диаграмм и схем замещения. Учебник состоит из двух томов. Первый том содержит две темы: введе­ние в электромеханику и трансформаторы. Второй том учебника посвящен теории и конструкции отдельных видов электрических машин, в том числе синхронных и асинхронных, машин постоянного тока и др. 
461 1 |0 (RuTPU)RU\TPU\book\273379  |y 978-5-9916-7437-9  |t Электрические машины  |o учебник для академического бакалавриата  |o в 2 т.  |f И. П. Копылов  |v Т. 1  |e 2-е изд., испр. и доп.  |d 2016  |s Бакалавр. Академический курс 
606 1 |a Электрические машины  |2 stltpush  |3 (RuTPU)RU\TPU\subj\27074  |9 50877 
610 1 |a электромеханика 
610 1 |a трансформаторы 
610 1 |a энергия 
610 1 |a электромеханические преобразования 
610 1 |a переходные режимы 
610 1 |a установившиеся режимы 
610 1 |a дифференциальные уравнения 
610 1 |a комплексные уравнения 
610 1 |a векторные диаграммы 
610 1 |a схемы замещения 
610 1 |a учебники 
675 |a 621.313(075.8)  |v 4 
801 1 |a RU  |b 63413507  |c 20160220 
801 2 |a RU  |b 63413507  |c 20160414  |g RCR 
900 |a Электрические машины 
942 |c BK 
951 |l 8.1 
959 |a 20/20160212  |d 15  |e 1099,00  |f ЧЗТЛ:1  |f УФ:14